Solar heating and coding (Record no. 29830)

MARC details
000 -LEADER
fixed length control field 00268nam a2200109Ia 4500
082 ## - DEWEY DECIMAL CLASSIFICATION NUMBER
Classification number 662.997
Item number PAU
100 ## - MAIN ENTRY--AUTHOR NAME
Personal name Paul, J K
245 #0 - TITLE STATEMENT
Title Solar heating and coding
260 ## - PUBLICATION, DISTRIBUTION, ETC. (IMPRINT)
Place of publication New Jersey
Name of publisher Noyes Data
Year of publication 1977
942 ## - ADDED ENTRY ELEMENTS (KOHA)
Koha item type Books
Holdings
Withdrawn status Lost status Damaged status Not for loan Home library Current library Date acquired Cost, normal purchase price Full call number Accession Number Koha item type
        RRII Library RRII Library 16/12/2021 48.00 662.997 PAU 10410 Books